| 000 | 00913nam a2200253 a 4500 | ||
|---|---|---|---|
| 001 | 000036015 | ||
| 005 | 20250515140454.0 | ||
| 008 | 111123s2011 dr ac 000 0 spa d | ||
| 020 | _a9789945004694 | ||
| 040 |
_aDO-SdBNP _bspa _cBNPHU |
||
| 082 |
_a306.461 _bD542h |
||
| 100 | 1 |
_aDíaz, José _99448 |
|
| 245 | 1 | 0 |
_aHumanizar la salud humanizándonos / _cJosé Díaz ; prólogo Enriquillo Matos. |
| 260 |
_aSanto Domingo : _bBúho, _c2011. |
||
| 300 |
_a174 p. : _bil., retrs. ; _c23 cm. |
||
| 500 | _aIncluye datos biográficos del autor en la solapa de la cubierta | ||
| 504 | _aBibliografía: p. 171-174. | ||
| 590 | _aInventariado,2018/DG | ||
| 650 | 4 |
_aAtención médica _xAspectos sociales _962052 |
|
| 650 | 0 |
_aAtención primaria de salud _920167 |
|
| 650 | 4 |
_aSalud pública _zRepública Dominicana _92078 |
|
| 700 | 1 |
_aMatos, Enriquillo, _epról. _962053 |
|
| 910 | _aValidado. Control de calidad EMS | ||
| 999 |
_c35506 _d35506 |
||